<?xml version="1.0" encoding="UTF-8"?><?xml-stylesheet type="text/xsl" href="static/style.xsl"?><OAI-PMH xmlns="http://www.openarchives.org/OAI/2.0/" xmlns:xsi="http://www.w3.org/2001/XMLSchema-instance" xsi:schemaLocation="http://www.openarchives.org/OAI/2.0/ http://www.openarchives.org/OAI/2.0/OAI-PMH.xsd"><responseDate>2026-04-14T03:03:29Z</responseDate><request verb="GetRecord" identifier="oai:www.recercat.cat:10230/52321" metadataPrefix="marc">https://recercat.cat/oai/request</request><GetRecord><record><header><identifier>oai:recercat.cat:10230/52321</identifier><datestamp>2025-12-19T20:29:20Z</datestamp><setSpec>com_2072_6</setSpec><setSpec>col_2072_452954</setSpec></header><metadata><record xmlns="http://www.loc.gov/MARC21/slim" xmlns:dcterms="http://purl.org/dc/terms/" xmlns:xsi="http://www.w3.org/2001/XMLSchema-instance" xmlns:doc="http://www.lyncode.com/xoai" xsi:schemaLocation="http://www.loc.gov/MARC21/slim http://www.loc.gov/standards/marcxml/schema/MARC21slim.xsd">
   <leader>00925njm 22002777a 4500</leader>
   <datafield ind2=" " ind1=" " tag="042">
      <subfield code="a">dc</subfield>
   </datafield>
   <datafield ind2=" " ind1=" " tag="720">
      <subfield code="a">Saumell Almirall, Anna</subfield>
      <subfield code="e">author</subfield>
   </datafield>
   <datafield ind2=" " ind1=" " tag="260">
      <subfield code="c">2022-01-25T15:32:34Z</subfield>
   </datafield>
   <datafield ind2=" " ind1=" " tag="260">
      <subfield code="c">2022-01-25T15:32:34Z</subfield>
   </datafield>
   <datafield ind2=" " ind1=" " tag="260">
      <subfield code="c">2021</subfield>
   </datafield>
   <datafield ind2=" " ind1=" " tag="520">
      <subfield code="a">Tutor: Carles Feixa Pàmpols</subfield>
   </datafield>
   <datafield ind2=" " ind1=" " tag="520">
      <subfield code="a">Màster Universitari en Recerca en Comunicació Social</subfield>
   </datafield>
   <datafield ind2=" " ind1=" " tag="520">
      <subfield code="a">Les persones transgènere i transsexuals han existit sempre, però la seva relació amb la resta de&#xd;
la societat ha variat al llarg dels temps. Aquest estudi presenta una comparació de les històries&#xd;
de vida de tres persones transsexuals pertanyents a dues generacions diferents. Una de les&#xd;
persones entrevistades va iniciar el seu procés de transició a finals de la dècada de 1990. Les&#xd;
altres dues, recentment. La investigació parteix de l’objectiu d’analitzar les diferències i&#xd;
similituds que presenten al llarg del procés de construcció de la identitat i a l’expressar-la&#xd;
davant els seus cercles socials més propers tenint en compte el context sociocultural de cada&#xd;
generació. D’aquesta manera, s’estudia l’experiència de la generació actual a través de dues&#xd;
històries de vida i es contrasta amb la generació anterior</subfield>
   </datafield>
   <datafield tag="653" ind2=" " ind1=" ">
      <subfield code="a">transsexual</subfield>
   </datafield>
   <datafield tag="653" ind2=" " ind1=" ">
      <subfield code="a">social connectedness</subfield>
   </datafield>
   <datafield tag="653" ind2=" " ind1=" ">
      <subfield code="a">identity</subfield>
   </datafield>
   <datafield tag="653" ind2=" " ind1=" ">
      <subfield code="a">social network analysis</subfield>
   </datafield>
   <datafield tag="653" ind2=" " ind1=" ">
      <subfield code="a">life story</subfield>
   </datafield>
   <datafield ind2="0" ind1="0" tag="245">
      <subfield code="a">“Com et puc entendre?”: efectes de les connexions socials en la construcció de la identitat en base a una comparació entre dues generacions de persones transsexuals</subfield>
   </datafield>
</record></metadata></record></GetRecord></OAI-PMH>